[Event "O pohár města Říčany 2017"]
[Site "Kulturni centrum Labut, 17. Listopadu 214 25101 Ricany"]
[Date "2017.08.30"]
[Round "6.21"]
[White "Matys, Jakub"]
[Black "Vavrinec, Tomas"]
[Result "1/2-1/2"]
[WhiteElo "1727"]
[BlackElo "1960"]
[PlyCount "0"]
[EventDate "2017.08.26"]

1. Nf3 Nf6 2. g3 g6 3. d4 c5 4. Bg2 cxd4 5. Nxd4 Nc6 6. O-O Bg7 7. c4 O-O
8. Nc3 Nxd4 9. Qxd4 d6 10. Bg5 h6 11. Bxf6 Bxf6 12. Qd2 Bg7 13. Rac1 Rb8
14. Rfd1 Be6 15. Nd5 Rc8 16. b3 b6 17. Nf4 Bd7 18. Bd5 Kh8 19. h4 Qe8 20. Kh2 e5
21. Ng2 f5 22. f4 Rf6 23. Rf1 e4 24. Ne3 Rc7 25. a4 Qe7 26. Ba8 Be6 27. Bd5 Bd7
1/2-1/2

[Event "O pohár města Říčany 2017"]
[Site "Kulturni centrum Labut, 17. Listopadu 214 25101 Ricany"]
[Date "2017.08.30"]
[Round "6.22"]
[White "Kunc, Jan"]
[Black "Stanek, Ondrej"]
[Result "1/2-1/2"]
[WhiteElo "1937"]
[BlackElo "1885"]
[PlyCount "0"]
[EventDate "2017.08.26"]

1. e4 e5 2. Nf3 Nc6 3. Bb5 a6 4. Ba4 Nf6 5. O-O Be7 6. Re1 b5 7. Bb3 O-O 8. h3
d6 9. c3 Na5 10. Bc2 c5 11. d4 Qc7 12. Nbd2 Be6 13. d5 Bd7 14. Nf1 Rfc8 15. Ng3
b4 16. Nf5 Bxf5 17. exf5 bxc3 18. bxc3 Rab8 19. Nh2 Qb7 20. Ng4 Kf8 21. Nxf6
Bxf6 22. Be4 Qb5 23. g4 h6 24. Qf3 Qa4 25. Qe2 Rb6 26. Kg2 Rcb8 27. Rh1 Bh4
28. Rd1 Bg5 29. Bxg5 hxg5 30. Rab1 1/2-1/2

[Event "O pohár města Říčany 2017"]
[Site "Kulturni centrum Labut, 17. Listopadu 214 25101 Ricany"]
[Date "2017.08.30"]
[Round "6.23"]
[White "Cermak, Jan"]
[Black "Skokan, Frantisek"]
[Result "1/2-1/2"]
[WhiteElo "1904"]
[BlackElo "1933"]
[PlyCount "0"]
[EventDate "2017.08.26"]

1. e4 e5 2. Nc3 Nf6 3. g3 Bb4 4. Nge2 Nc6 5. Bg2 O-O 6. O-O d6 7. a3 Ba5 8. b4
Bb6 9. Na4 Be6 10. Nxb6 axb6 11. d3 Nxb4 12. f4 exf4 13. Bxf4 Nc6 14. Bg5 Ra5
15. Bxf6 gxf6 16. Nf4 Rg5 17. Bh3 Qd7 18. Nh5 Rg6 19. Bf5 Qe7 20. Bxg6 fxg6
21. Nf4 Ne5 22. Nxe6 Qxe6 23. d4 Nc4 24. Qd3 b5 25. Rab1 c6 26. d5 Qe5 27. a4
cxd5 28. Rxb5 Qxe4 29. Rxd5 Qe3+ 30. Kh1 Qxd3 31. Rxd3 Kf7 32. Rf4 Rc8 33. Kg2
Ke6 34. Kf2 d5 35. Rfd4 Rc5 36. Rb3 Nd6 37. Rb2 Ke5 38. Rdb4 Ne4+ 39. Ke2 Nd6
40. Kd3 Ra5 41. c3 Ra7 42. Re2+ Ne4 43. c4 f5 44. cxd5 Kxd5 45. Rexe4 fxe4+
1/2-1/2

[Event "O pohár města Říčany 2017"]
[Site "Kulturni centrum Labut, 17. Listopadu 214 25101 Ricany"]
[Date "2017.08.30"]
[Round "6.24"]
[White "Nemecek, Pavel"]
[Black "Koper, Stefan"]
[Result "1-0"]
[WhiteElo "1750"]
[BlackElo "1932"]
[PlyCount "0"]
[EventDate "2017.08.26"]

1. e4 g6 2. d4 Bg7 3. Nc3 e6 4. Nf3 d5 5. Be2 Nc6 6. Be3 Nf6 7. e5 Nd7 8. O-O
a6 9. Qd2 h6 10. Ne1 Ne7 11. f4 Nf5 12. Bf2 h5 13. a4 b6 14. Nd1 c5 15. Nf3 Bb7
16. Ne3 Nxe3 17. Bxe3 cxd4 18. Nxd4 Nc5 19. Bf3 Qc7 20. Qc3 Rc8 21. Nb3 Nd7
22. Qxc7 Rxc7 23. c3 Bf8 24. Rfc1 Bh6 25. Kf2 O-O 26. c4 dxc4 27. Bxb7 Rxb7
28. Rxc4 b5 29. Rb4 Rc8 30. Na5 Rbb8 31. Kf3 Bf8 32. Rd4 Nc5 33. axb5 Rxb5
34. b4 Nb7 35. Nxb7 Rxb7 36. Rxa6 Bxb4 37. Ra2 Bf8 38. Rda4 Rb3 39. Kf2 Rcc3
40. Bd2 Rd3 41. Ra8 Kg7 42. Ke2 Rd7 43. Rc2 Rbb7 44. Ba5 Rb3 45. Rcc8 Rb2+
46. Ke3 Rb3+ 47. Ke2 Rb2+ 48. Ke3 g5 49. Rxf8 Rb3+ 50. Ke4 f5+ 51. exf6+ Kg6
52. Rg8+ Kxf6 53. Raf8+ Ke7 54. Rg7+ Kd6 55. Rxd7+ Kxd7 56. fxg5 Rb2 57. Rd8+
Ke7 58. Rd2 Rb5 59. Bd8+ Kf7 60. h4 Rb1 61. Bf6 Re1+ 62. Kf3 Rb1 63. Rb2 Rh1
64. g3 Rd1 65. Rb7+ Kg6 66. Rg7+ Kf5 67. Rh7 e5 68. Rxh5 e4+ 69. Ke2 Rg1 70. Bd4
Rxg3 71. Rh8 Rh3 72. Rf8+ Kg6 73. Rf4 Kh5 74. Rxe4 Ra3 75. Bf2 Rb3 76. Re3 Rb2+
77. Kf3 Ra2 78. Re6 Ra3+ 79. Be3 1-0

[Event "O pohár města Říčany 2017"]
[Site "Kulturni centrum Labut, 17. Listopadu 214 25101 Ricany"]
[Date "2017.08.30"]
[Round "6.25"]
[White "Otruba, Marek"]
[Black "Stork, Rostislav"]
[Result "1-0"]
[WhiteElo "1937"]
[BlackElo "1764"]
[PlyCount "0"]
[EventDate "2017.08.26"]

1. e4 e5 2. Nf3 Nf6 3. Nxe5 d6 4. Nf3 Nxe4 5. d4 d5 6. Bd3 Bg4 7. O-O Bd6 8. c4
O-O 9. cxd5 f5 10. Nc3 Qe8 11. h3 Nxc3 12. bxc3 Bh5 13. c4 c5 14. Re1 Bxf3
15. gxf3 Qh5 16. Bf1 cxd4 17. Qxd4 Na6 18. Re6 Bc5 19. Qf4 Rae8 20. Rxe8 Rxe8
21. Be3 Qg6+ 22. Kh1 Bd6 23. Qh4 Nc5 24. Rd1 b6 25. Bf4 Nb7 26. Bxd6 Nxd6 27. a4
Qf7 28. a5 Qc7 29. Qd4 Kf7 30. Rc1 Rc8 31. Bd3 g6 32. Kg2 h6 33. Qe5 Qc5
34. Qe6+ Kg7 35. Qe7+ Kg8 36. Qf6 Kh7 37. Re1 Re8 38. Rxe8 Nxe8 39. Qf7+ Ng7
40. Qxa7 Qxa5 41. Qxa5 bxa5 42. Bc2 Kg8 43. Kf1 Kf8 44. Ke2 Ke7 45. c5 Nh5
46. Ke3 Nf6 47. Kd4 Nh5 48. Ke5 Kd7 49. Ba4+ 1-0

[Event "O pohár města Říčany 2017"]
[Site "Kulturni centrum Labut, 17. Listopadu 214 25101 Ricany"]
[Date "2017.08.30"]
[Round "6.26"]
[White "Horyna, Josef"]
[Black "Benes, Karel"]
[Result "1-0"]
[WhiteElo "1814"]
[BlackElo "1706"]
[PlyCount "0"]
[EventDate "2017.08.26"]

1. d4 d5 2. Bf4 e6 3. e3 Bd6 4. Bg3 a6 5. Nd2 Nf6 6. Bd3 Nc6 7. c3 b5 8. Ngf3
Bb7 9. Ne5 Ne7 10. f4 O-O 11. Bf2 c5 12. g4 b4 13. g5 Ne4 14. Nxe4 dxe4 15. Bc2
bxc3 16. bxc3 Nf5 17. O-O f6 18. gxf6 Rxf6 19. dxc5 Bxc5 20. Qxd8+ Rxd8 21. Rab1
Ba8 22. Rfe1 Ba7 23. Re2 Rh6 24. Kg2 Nh4+ 25. Bxh4 Rxh4 26. Kg3 Rh6 27. h4 Bb8
28. Ng4 Rh5 29. Rb6 Rb5 30. Rxe6 Bd5 31. Rxa6 Bc4 32. Rf2 Rc5 33. Ra4 Kh8
34. Bxe4 h5 35. Ne5 Bxe5 36. fxe5 Be6 37. Ra8 Rxa8 38. Bxa8 Rxc3 39. Rf8+ Kh7
40. Be4+ g6 41. Bxg6+ Kg7 42. Rf6 Bxa2 43. Kf4 Rc4+ 44. e4 Bb1 45. Rb6 Bc2
46. Bf5 Bd1 47. Rb7+ Kf8 48. e6 Bg4 49. e7+ 1-0

[Event "O pohár města Říčany 2017"]
[Site "Kulturni centrum Labut, 17. Listopadu 214 25101 Ricany"]
[Date "2017.08.30"]
[Round "6.27"]
[White "Paulovic, Milan"]
[Black "Kronowetter, Borivoj"]
[Result "1/2-1/2"]
[WhiteElo "1781"]
[BlackElo "1787"]
[PlyCount "0"]
[EventDate "2017.08.26"]

1. c4 c5 2. Nc3 Nc6 3. Nf3 Nf6 4. g3 g6 5. Bg2 Bg7 6. O-O O-O 7. e3 d5 8. cxd5
Nxd5 9. Re1 e6 10. d4 cxd4 11. Nxd4 1/2-1/2

[Event "O pohár města Říčany 2017"]
[Site "Kulturni centrum Labut, 17. Listopadu 214 25101 Ricany"]
[Date "2017.08.30"]
[Round "6.28"]
[White "Hlavacek, Ondrej"]
[Black "Skacel, Jan"]
[Result "1/2-1/2"]
[WhiteElo "1773"]
[BlackElo "1991"]
[PlyCount "0"]
[EventDate "2017.08.26"]

1. Nf3 Nf6 2. c4 g6 3. Nc3 Bg7 4. g3 O-O 5. Bg2 d6 6. d4 Nc6 7. O-O Bd7 8. Bd2
a6 9. Qc1 Re8 10. d5 Na5 11. Nd1 c5 12. dxc6 Nxc6 13. Bc3 Rc8 14. Ng5 b5 {dale
necitelne, 19 tahu} 1/2-1/2

[Event "O pohár města Říčany 2017"]
[Site "Kulturni centrum Labut, 17. Listopadu 214 25101 Ricany"]
[Date "2017.08.30"]
[Round "6.29"]
[White "Hadrava, Jaroslav"]
[Black "Vit, Zdenek"]
[Result "1-0"]
[WhiteElo "1964"]
[BlackElo "1775"]
[PlyCount "0"]
[EventDate "2017.08.26"]

1. e4 e5 2. Nc3 Nf6 3. f4 d5 4. fxe5 Nxe4 5. Nf3 Be7 6. Qe2 Nc5 7. d4 Ne6
8. Be3 b6 9. Qf2 O-O 10. O-O-O c6 11. Bd3 f6 12. Ne2 fxe5 13. dxe5 Nd7 14. Qg3
Ndc5 15. h4 Nxd3+ 16. Rxd3 Nc5 17. Bxc5 Bxc5 18. Ned4 Bxd4 19. Nxd4 c5 20. Nb5
Ba6 21. a4 Qd7 22. c4 Bxb5 23. Rxd5 Qf5 24. axb5 Qf4+ 25. Qxf4 Rxf4 26. b3 Re4
27. Kd2 Re8 28. Re1 Rxh4 29. e6 h6 30. Kc3 Rg4 31. Re2 Rg3+ 32. Kc2 Rg6 33. Rd6
Rf6 34. Kd3 Kf8 35. b4 cxb4 36. Kd4 Rf4+ 37. Kd5 Rc8 38. Rc6 Rf5+ 39. Kd6 Rd8+
40. Kc7 Re8 41. Rd6 Rc5+ 42. Kb7 Re7+ 43. Rd7 Rxc4 44. Kxa7 Rd4 45. Kxb6 Rdxd7
46. exd7 Rxd7 47. Kc6 Rd3 48. b6 b3 49. b7 1-0

[Event "O pohár města Říčany 2017"]
[Site "Kulturni centrum Labut, 17. Listopadu 214 25101 Ricany"]
[Date "2017.08.30"]
[Round "6.30"]
[White "Vlkova, Anezka"]
[Black "Nemecek, Lukas"]
[Result "1-0"]
[WhiteElo "1914"]
[BlackElo "1632"]
[PlyCount "0"]
[EventDate "2017.08.26"]

1. e4 c5 2. Nc3 Nc6 3. g3 g6 4. Bg2 Bg7 5. d3 d6 6. f4 f5 7. Nf3 Nf6 8. O-O O-O
9. h3 Be6 10. Be3 Qd7 11. exf5 gxf5 12. Ng5 Rae8 13. Qd2 Kh8 14. Nxe6 Qxe6
15. Rae1 Qd7 16. Bf3 Nd4 17. Bxd4 cxd4 18. Nd5 e5 19. Qb4 Nxd5 20. Bxd5 b6
21. Qc4 Rc8 22. Qb3 Rce8 23. Re2 Bh6 24. Qc4 Rc8 25. Qb4 Rc5 26. Qb3 Rb5 27. Qa4
Qe8 28. Bc4 Ra5 29. Qxe8 Rxe8 30. Kh2 Rc5 31. b4 Rc7 32. fxe5 dxe5 33. Rxf5 Be3
34. Bd5 Kg7 35. Kg2 Ree7 36. Kf3 Rcd7 37. Ke4 Rd6 38. Rxe5 Rxe5+ 39. Kxe5 Rd8
40. c4 Kg6 41. c5 1-0

[Event "O pohár města Říčany 2017"]
[Site "Kulturni centrum Labut, 17. Listopadu 214 25101 Ricany"]
[Date "2017.08.30"]
[Round "6.31"]
[White "Skrabanek, Matej"]
[Black "Pokorny, Jan"]
[Result "1/2-1/2"]
[WhiteElo "1600"]
[BlackElo "1889"]
[PlyCount "0"]
[EventDate "2017.08.26"]

1. e4 c5 2. Nf3 Nc6 3. d4 cxd4 4. Nxd4 e5 5. Nb5 a6 6. Nd6+ Bxd6 7. Qxd6 Qe7
8. Qxe7+ Ngxe7 9. Nc3 O-O 10. Bc4 Nd4 11. Bd3 b5 12. Be3 Nec6 13. Nd5 f5
14. Bxd4 exd4 15. exf5 d6 16. Nb6 Rb8 17. Nxc8 Rbxc8 18. Kd2 Nb4 19. g4 g6
20. f4 Nxd3 21. Kxd3 gxf5 22. g5 Rc6 23. Rhe1 Rfc8 24. Rac1 Kf7 25. Re2 a5
26. Rce1 R8c7 27. Rf2 a4 28. Ree2 Rc4 29. b3 axb3 30. axb3 Rb4 31. Kd2 Rc3
32. Re1 Rh3 33. Rg1 d3 34. Kc3 Re4 35. cxd3 b4+ 1/2-1/2

[Event "O pohár města Říčany 2017"]
[Site "Kulturni centrum Labut, 17. Listopadu 214 25101 Ricany"]
[Date "2017.08.30"]
[Round "6.32"]
[White "Korsa, Jiri"]
[Black "Otrubova, Kristyna"]
[Result "1/2-1/2"]
[WhiteElo "1820"]
[BlackElo "1758"]
[PlyCount "0"]
[EventDate "2017.08.26"]

1. e4 c5 2. Nc3 Nc6 3. g4 e6 4. d3 Nge7 5. Bg2 Ng6 6. Nf3 Be7 7. O-O O-O 8. Ne1
Bf6 9. Be3 d6 10. f4 Bd4 11. Qd2 Bxe3+ 12. Qxe3 e5 13. f5 Nf4 14. Bh1 Nd4
15. Rc1 Qg5 16. Ng2 Qxg4 17. Rxf4 exf4 18. Qxf4 Nf3+ 19. Kf2 Qxf4 20. Nxf4 Ne5
21. Ncd5 b6 22. Rg1 Bb7 23. Ne7+ Kh8 24. Bf3 Rae8 25. Ned5 Bxd5 26. Nxd5 b5
27. Ke3 Nc6 28. Kd2 a5 29. h4 Nb4 30. a3 Nxd5 31. exd5 Re5 32. Be4 f6 33. h5 Kg8
34. Rg2 Kf7 35. Rg1 Rfe8 36. Rg4 Rb8 37. Rg1 a4 38. c3 b4 39. axb4 cxb4 40. c4
Re7 41. Ra1 Ra7 42. Kd1 Raa8 43. Kd2 Rh8 44. Ke3 Ke7 45. Kf4 Kd7 46. Ra2 Kc7
47. Ke3 Kb6 48. Kd4 Rhc8 49. Bf3 Re8 50. Be4 Rh8 51. Bf3 g6 52. fxg6 hxg6
53. hxg6 Rh4+ 54. Ke3 Re8+ 55. Kf2 Ka5 56. Kg3 Rh6 57. Bd1 Rxg6+ 58. Kf2 a3
59. bxa3 bxa3 60. Rxa3+ Kb4 61. Rb3+ Kc5 62. Be2 Rh6 63. Bf3 Rh7 64. Rb2 Rg8
65. Ke3 Re8+ 66. Kf2 Kd4 67. Re2 Rh2+ 68. Kf1 Rhxe2 69. Bxe2 Re3 70. Kf2 f5
71. Ke1 f4 72. Kf2 Rh3 73. Kg2 Rg3+ 74. Kf2 Kc5 75. Bf3 Kb4 76. Be4 Kc3 77. c5
1/2-1/2

[Event "O pohár města Říčany 2017"]
[Site "Kulturni centrum Labut, 17. Listopadu 214 25101 Ricany"]
[Date "2017.08.30"]
[Round "6.33"]
[White "Maslo, Ondrej"]
[Black "Havelka, Petr"]
[Result "1/2-1/2"]
[WhiteElo "1744"]
[BlackElo "1818"]
[PlyCount "0"]
[EventDate "2017.08.26"]

1. e4 d5 2. exd5 Qxd5 3. Nc3 Qd8 4. d4 Nf6 5. Nf3 Bf5 6. Bd3 Bxd3 7. Qxd3 c6
8. Bf4 e6 9. O-O-O Nbd7 10. h3 Bb4 11. Ne5 Nxe5 12. Bxe5 Qa5 13. Bxf6 gxf6
14. a3 1/2-1/2

[Event "O pohár města Říčany 2017"]
[Site "Kulturni centrum Labut, 17. Listopadu 214 25101 Ricany"]
[Date "2017.08.30"]
[Round "6.34"]
[White "Kuhnmund, Ivan"]
[Black "Hejsek, Lukas"]
[Result "1/2-1/2"]
[WhiteElo "1640"]
[BlackElo "1683"]
[PlyCount "0"]
[EventDate "2017.08.26"]

1. e4 c5 2. Nf3 g6 3. c3 d5 4. exd5 Qxd5 5. Na3 Bg4 6. Be2 Nf6 7. h3 Bf5 8. d4
Nc6 9. O-O Bg7 10. Bc4 Qd7 1/2-1/2

[Event "O pohár města Říčany 2017"]
[Site "Kulturni centrum Labut, 17. Listopadu 214 25101 Ricany"]
[Date "2017.08.30"]
[Round "6.35"]
[White "Simak, Roman"]
[Black "Grecny, Karol"]
[Result "1-0"]
[WhiteElo "1702"]
[BlackElo "1926"]
[PlyCount "0"]
[EventDate "2017.08.26"]

1. d4 e6 2. Nf3 d5 3. e3 c5 4. dxc5 Bxc5 5. b3 Nf6 6. Bb2 Nc6 7. Nbd2 Bd7
8. Be2 O-O 9. O-O Qe7 10. c4 Rad8 11. Qc2 Nb4 12. Qc3 dxc4 13. Bxc4 Nc6 14. a3
a5 15. Ne4 Ne8 16. Bxe6 Bb4 17. axb4 axb4 18. Qc2 Bxe6 19. Nc5 Bc8 20. Rad1 Nf6
21. Nd4 Ne5 22. Nd3 Bg4 23. f3 Bc8 24. Nxe5 Qxe5 25. e4 Qh5 26. Ne2 Qh6 27. Rxd8
Rxd8 28. Bc1 g5 29. Qc5 1-0

[Event "O pohár města Říčany 2017"]
[Site "Kulturni centrum Labut, 17. Listopadu 214 25101 Ricany"]
[Date "2017.08.30"]
[Round "6.36"]
[White "Straka, Jaroslav"]
[Black "Jirousek, Tadeas"]
[Result "0-1"]
[WhiteElo "1897"]
[BlackElo "1584"]
[PlyCount "0"]
[EventDate "2017.08.26"]

1. d4 Nf6 2. c4 c5 3. d5 b5 4. cxb5 a6 5. bxa6 d6 6. g3 Bxa6 7. Bg2 g6 8. Nc3
Bg7 9. Nf3 O-O 10. O-O Nbd7 11. Rb1 Qa5 12. Qc2 Rfb8 13. b3 Ng4 14. Bd2 Nge5
15. Nxe5 Nxe5 16. a4 Qb6 17. Rfe1 Ra7 18. Bf1 Rab7 19. e3 Nf3+ 20. Kg2 Nxe1+
21. Bxe1 Bxf1+ 22. Kxf1 Bxc3 23. Bxc3 Qa6+ 24. Kg2 Rb6 25. e4 Qb7 26. b4 cxb4
27. Bd4 b3 28. Qd2 Rb4 29. a5 Qb5 30. Qe3 Qc4 31. Bb6 Qc2 32. Rc1 Qxe4+ 33. Qxe4
Rxe4 34. Rb1 Rb4 35. Kf3 b2 36. Ke3 R8xb6 37. axb6 Kg7 38. h4 Kf6 39. f4 Rxb6
40. g4 Rb4 41. Kf3 h6 42. Ke3 g5 43. fxg5+ hxg5 44. h5 Ke5 45. Kf3 Kxd5 46. h6
Rb3+ 47. Kg2 Ke5 48. h7 Rb8 49. Kf3 Rh8 50. Rxb2 Rxh7 51. Rb5+ d5 0-1

[Event "O pohár města Říčany 2017"]
[Site "Kulturni centrum Labut, 17. Listopadu 214 25101 Ricany"]
[Date "2017.08.31"]
[Round "7.1"]
[White "Pulpan, Jakub"]
[Black "Skalicky, Tomas"]
[Result "1-0"]
[WhiteElo "2390"]
[BlackElo "2165"]
[PlyCount "0"]
[EventDate "2017.08.26"]

1. e4 e5 2. Nf3 Nc6 3. Bc4 Bc5 4. c3 Nf6 5. d3 a6 6. O-O O-O 7. a4 d6 8. h3 h6
9. Nbd2 Ba7 10. Re1 Ne7 11. Nf1 b5 12. Bb3 Be6 13. Bxe6 fxe6 14. d4 exd4
15. cxd4 Ng6 16. Ng3 c5 17. Be3 c4 18. Qc2 e5 19. axb5 axb5 20. dxe5 Bxe3
21. Rxa8 Qxa8 22. exf6 Bc5 23. e5 Nxe5 24. Nxe5 dxe5 25. Rxe5 Bd4 26. Rxb5 Qc6
27. f7+ Rxf7 28. Rb8+ Rf8 29. Nf5 Bc5 30. Qxc4+ Kh7 31. Nd4 Rxf2 32. Nxc6 1-0

[Event "O pohár města Říčany 2017"]
[Site "Kulturni centrum Labut, 17. Listopadu 214 25101 Ricany"]
[Date "2017.08.31"]
[Round "7.2"]
[White "Novotny, Michal"]
[Black "Zeman, Matyas"]
[Result "1-0"]
[WhiteElo "2257"]
[BlackElo "2168"]
[PlyCount "0"]
[EventDate "2017.08.26"]

1. e4 e6 2. d4 d5 3. Nd2 Nf6 4. e5 Nfd7 5. Bd3 c5 6. c3 b6 7. Ne2 Ba6 8. Bxa6
Nxa6 9. O-O b5 10. a4 b4 11. c4 Nc7 12. cxd5 Nxd5 13. Ne4 Be7 14. Nf4 Nxf4
15. Bxf4 cxd4 16. Qg4 g5 17. Bxg5 Nxe5 18. Qh5 Ng6 19. Bxe7 Qxe7 20. Qb5+ Kf8
21. f4 Nh4 22. Ng3 Rg8 23. Rac1 Rd8 24. Qe5 Qb7 25. Rf2 d3 26. Qf6 Qe7 27. Qh6+
Ke8 28. Ne4 Rg6 29. Qxh7 Qb7 30. Qh8+ 1-0

[Event "O pohár města Říčany 2017"]
[Site "Kulturni centrum Labut, 17. Listopadu 214 25101 Ricany"]
[Date "2017.08.31"]
[Round "7.3"]
[White "Vojta, Tomas"]
[Black "Skalsky, Alexandr"]
[Result "1-0"]
[WhiteElo "2363"]
[BlackElo "2105"]
[PlyCount "0"]
[EventDate "2017.08.26"]

1. d4 d5 2. Bf4 Nf6 3. e3 c5 4. c3 Nc6 5. Nd2 Bf5 6. Qb3 Qc8 7. Ngf3 e6 8. Nh4
Bg4 9. h3 Bh5 10. g4 Bg6 11. Nxg6 hxg6 12. Bg2 cxd4 13. exd4 Be7 14. O-O O-O
15. Bg3 Ne8 16. Rae1 Bd6 17. Nf3 Bxg3 18. fxg3 Nd6 19. Ng5 b5 20. Re2 Qd7 21. h4
Ne7 22. Qc2 Rae8 23. Rfe1 a5 24. h5 b4 25. Bf1 bxc3 26. hxg6 Nxg6 27. Bg2 f5
28. Rxe6 Rxe6 29. Bxd5 {partiar dale necitelny} 1-0

[Event "O pohár města Říčany 2017"]
[Site "Kulturni centrum Labut, 17. Listopadu 214 25101 Ricany"]
[Date "2017.08.31"]
[Round "7.4"]
[White "Petr, Jakub"]
[Black "Hollan, Martin"]
[Result "1-0"]
[WhiteElo "2046"]
[BlackElo "2233"]
[PlyCount "0"]
[EventDate "2017.08.26"]

1. e4 e5 2. Nf3 Nc6 3. Bb5 Nge7 4. O-O a6 5. Ba4 g6 6. c3 Bg7 7. d4 exd4
8. cxd4 b5 9. Bb3 O-O 10. Nc3 d6 11. Nd5 h6 12. Be3 Na5 13. Rc1 Nxb3 14. Qxb3
Nxd5 15. Qxd5 Rb8 16. Qb3 Qe7 17. Qc2 Bg4 18. Nd2 Rfc8 19. Nb3 c6 20. Na5 Bd7
21. b4 Ra8 22. Rfe1 Re8 23. Bf4 Qf6 24. Qd2 g5 25. Bg3 Qg6 26. Nxc6 Bxc6
27. Rxc6 Rxe4 28. Rxd6 Qf5 29. Rxe4 Qxe4 30. h3 Rc8 31. Qe3 Qb1+ 32. Kh2 Rc1
33. Be5 Rh1+ 34. Kg3 Re1 35. Qf3 Rxe5 36. Rd8+ Kh7 37. dxe5 Bxe5+ 38. Kg4 Qg6
39. Qd3 f5+ 40. Kf3 g4+ 41. Ke2 gxh3 42. gxh3 Bg7 43. Rd5 Qh5+ 44. Qf3 Qe8+
45. Kf1 Qe7 46. Qxf5+ Kh8 47. Rd7 Qh4 48. Qg4 Qf6 49. Qxg7+ Qxg7 50. Rxg7 Kxg7
51. Kg2 Kf6 52. Kg3 Ke5 53. f4+ Kd5 54. f5 1-0

[Event "O pohár města Říčany 2017"]
[Site "Kulturni centrum Labut, 17. Listopadu 214 25101 Ricany"]
[Date "2017.08.31"]
[Round "7.5"]
[White "Jelinek, Michal"]
[Black "Hrdina, Robin"]
[Result "1/2-1/2"]
[WhiteElo "2173"]
[BlackElo "2151"]
[PlyCount "0"]
[EventDate "2017.08.26"]

1. d4 Nf6 2. c4 e6 3. Nc3 Bb4 4. Qc2 d5 5. cxd5 Qxd5 6. Nf3 c5 7. Bd2 Bxc3
8. Bxc3 cxd4 9. Rd1 Nc6 10. Nxd4 O-O 11. e3 Qc5 12. Be2 Nb4 13. Qb3 Nbd5 14. Bd2
e5 15. Rc1 Qe7 16. Nb5 Be6 17. Bc4 Rfd8 18. O-O a6 19. Nc3 b5 20. Nxd5 Nxd5
21. Bxd5 Bxd5 22. Qc2 Bxa2 23. Ba5 Re8 24. Rfd1 Bc4 25. Qc3 Qe6 26. Qb4 Qe7
27. Rd6 Qg5 28. b3 Be6 29. h4 Qf5 30. Rcd1 Qc2 31. R6d3 h5 32. R1d2 Qc1+ 33. Rd1
Qc2 34. R1d2 Qc1+ 35. Rd1 1/2-1/2

[Event "O pohár města Říčany 2017"]
[Site "Kulturni centrum Labut, 17. Listopadu 214 25101 Ricany"]
[Date "2017.08.31"]
[Round "7.6"]
[White "Anaskin, Arsenij"]
[Black "Kulhanek, Tomas"]
[Result "1/2-1/2"]
[WhiteElo "2188"]
[BlackElo "2324"]
[PlyCount "0"]
[EventDate "2017.08.26"]

1. e4 e6 2. d4 d5 3. Nd2 Nf6 4. e5 Nfd7 5. Bd3 c5 6. c3 Nc6 7. Ne2 cxd4 8. cxd4
f6 9. exf6 Nxf6 10. Nf3 Bd6 11. O-O O-O 12. Bf4 Nh5 13. Bxd6 Qxd6 14. Qc2 h6
15. Bh7+ Kh8 16. Nh4 Ne7 17. g3 Bd7 18. Ng6+ Nxg6 19. Bxg6 Be8 20. Rac1 e5
21. Bxe8 Raxe8 22. Qc5 Qa6 23. Nc3 exd4 24. Qxd4 Nf6 25. Rcd1 Rf7 26. a4 b6
27. Rfe1 1/2-1/2

[Event "O pohár města Říčany 2017"]
[Site "Kulturni centrum Labut, 17. Listopadu 214 25101 Ricany"]
[Date "2017.08.31"]
[Round "7.7"]
[White "Gregor, Jiri"]
[Black "Rut, Vojtech"]
[Result "1-0"]
[WhiteElo "2210"]
[BlackElo "2140"]
[PlyCount "0"]
[EventDate "2017.08.26"]

1. d4 f5 2. c4 Nf6 3. g3 d6 4. Nf3 g6 5. Nc3 Bg7 6. Bg2 O-O 7. O-O Qe8 8. d5
Na6 9. Nd4 Bd7 10. Rb1 c5 11. Ndb5 h6 12. f4 Qc8 13. Re1 Nc7 14. Nxc7 Qxc7
15. Qc2 Rae8 16. b3 a6 17. a4 h5 18. Bb2 h4 19. Bf3 e5 20. dxe6 Bxe6 21. Rbd1
Ng4 22. Bxg4 fxg4 23. Qxg6 Bf5 24. Qxd6 Qa5 25. Qd2 hxg3 26. hxg3 Qb4 27. e4
Bd4+ 28. Kf1 Bd7 29. Nd5 Qxb3 30. Bxd4 cxd4 31. Qd3 Bxa4 32. Qxb3 Bxb3 33. Rxd4
b5 34. cxb5 axb5 35. Ne3 Rf6 36. Rb1 Ba4 37. Kf2 Rc8 38. Rb2 Rc1 39. Rbd2 Kg7
40. Nxg4 1-0

[Event "O pohár města Říčany 2017"]
[Site "Kulturni centrum Labut, 17. Listopadu 214 25101 Ricany"]
[Date "2017.08.31"]
[Round "7.8"]
[White "Hadzala, Daniel"]
[Black "Haba, Zdenek"]
[Result "1/2-1/2"]
[WhiteElo "2116"]
[BlackElo "2207"]
[PlyCount "0"]
[EventDate "2017.08.26"]

1. Nf3 d6 2. g3 e5 3. d3 Nc6 4. c4 Be7 5. Bg2 g5 6. h4 g4 7. Nfd2 f5 8. Nc3 Nf6
9. Nd5 Nxd5 10. cxd5 Nb8 11. d4 O-O 12. dxe5 dxe5 13. Qc2 Nd7 14. Nc4 Bb4+
15. Bd2 Qe7 16. O-O-O Bxd2+ 17. Rxd2 Nb6 18. d6 cxd6 19. Nxd6 Be6 20. Kb1 e4
1/2-1/2

[Event "O pohár města Říčany 2017"]
[Site "Kulturni centrum Labut, 17. Listopadu 214 25101 Ricany"]
[Date "2017.08.31"]
[Round "7.9"]
[White "Svatos, Jan"]
[Black "Vystrcil, Martin"]
[Result "1-0"]
[WhiteElo "2310"]
[BlackElo "2038"]
[PlyCount "0"]
[EventDate "2017.08.26"]

1. e4 Nf6 2. e5 Nd5 3. d4 Nb6 4. f4 d6 5. Be2 dxe5 6. fxe5 Nc6 7. Be3 Bf5
8. Nf3 e6 9. O-O Be7 10. c4 O-O 11. Nc3 Bg6 12. Rc1 f6 13. Qb3 Qd7 14. Rfd1 a6
15. a3 Na5 16. Qa2 Nc6 17. b4 Rfd8 18. d5 Nxe5 19. Nxe5 fxe5 20. d6 Bf6 21. c5
Nc8 22. dxc7 Qxc7 23. Qxe6+ Bf7 24. Rxd8+ Qxd8 25. Qg4 Qe7 26. Rd1 Be6 27. Bc4
Bxc4 28. Qxc4+ Kh8 29. Nd5 Qe8 30. Qg4 Qg8 31. Qd7 Qd8 32. Nxf6 1-0